Szczegóły MARC21

Teoria i metodyka sportu /

003 -Nazwa inst., której nr kontr. jest w polu 001 [,]
    • @
    • Nazwa instytucji, której n kontrolny jest w polu 001
    • NUKAT
005 -DATA I CZAS OSTATNIEJ MODYFIKACJI [,]
    • @
    • pole kontrolne
    • 20241231092503.0
020 -Międzynarod. znormalizowany nr książki - ISBN [ , ]
    • a
    • Numer ISBN
    • 8321723608 Find
040 -Instytucja sporządzająca opis [ , ]
    • a
    • Instytucja, która sporządziła opis (NP)
    • Ł 68/AA
    • c
    • Instytucja, która sporządziła rekord (NP)
    • Ł 68/AA
    • d
    • Instytucja, która zmodyfikowała rekord (P)
    • Ł 68/MJ
    • d
    • Instytucja, która zmodyfikowała rekord (P)
    • POZN U/HPs
    • d
    • Instytucja, która zmodyfikowała rekord (P)
    • WR U/dl
942 -Rodzaj dokumentu [ , ]
    • c
    • Rodzaj dokumentu
    • Książka
100 -Hasło główne - nazwa osobowa [1, ]
    • a
    • Nazwa osobowa (NP)
    • Ulatowski, Tadeusz
    • d
    • Daty biograficzne (NP)
    • (1923-2012).
    • 9
    • KHW
    • 344945
245 -Strefa tytułu i oznaczenia odpowiedzialności [1,0]
    • a
    • Tytuł
    • Teoria i metodyka sportu / Find
    • c
    • Pozostałe elementy strefy tytułu i oznaczenia odpowiedzialności (NP)
    • Tadeusz Ulatowski ; przy współudz. Lesława Lachowicza [et al.].
250 -Strefa wydania [ , ]
    • a
    • Oznaczenie wydania (NP)
    • Wyd. 2 popr. i uzup.
260 -Strefa adresu wydawniczego [ , ]
    • a
    • Miejsce wydania (P)
    • Warszawa :
    • b
    • Nazwa wydawcy (P)
    • "Sport i Turystyka",
    • c
    • Data wydania (P)
    • 1981.
300 -Strefa opisu fizycznego [ , ]
    • a
    • Określenie formy książki i/lub objętość (NP)
    • 328 s. :
    • b
    • Oznaczenie ilustracji (NP)
    • il. ;
    • c
    • Format (NP)
    • 21 cm.
336 -Typ zawartości [ , ]
    • a
    • Termin opisujący typ zawartości
    • Tekst
    • b
    • Kod określający zawartość
    • txt
    • 2
    • Źródło (terminu i kodu)
    • rdacontent
337 -Typ mediów [ , ]
    • a
    • Tryb odtwarzania
    • Bez urządzenia pośredniczącego
    • b
    • Kod typu mediów
    • n
    • 2
    • Źródło (terminu i kodu)
    • rdamedia
338 -Typ/rodzaj nośnika [ , ]
    • a
    • Hasło opisujące typ nośnika
    • Wolumin
    • b
    • Kod typu nośnika
    • nc
    • 2
    • Źródło (terminu i kodu)
    • rdacarrier
504 -Uwaga dot. bibliogr. załącznikowej [ , ]
    • a
    • Uwaga dot. bibliografii załącznikowej
    • Bibliogr. s. 323-328.
080 -Uniwersalna Klasyfikacja Dziesiętna [ , ]
    • a
    • Symbol klasyfikacji
    • 796.01
    • 9
    • UKD
    • 6276
    • 2
    • Identyfikator wydania tablic
    • UDC-P058
    • b
    • Dopowiedzenie
    • Teoria i metodyka kultury fizycznej i sportu.
650 -Hasło przedmiotowe [ ,7]
    • a
    • Hasło przedmiotowe
    • Sport
    • x
    • Określnik rzeczowy
    • metodologia
    • v
    • Określnik formalny
    • podręczniki akademickie.
    • 2
    • Źródło terminu
    • kaba
    • 9
    • KHW
    • 434948
980 -Symbol UKD [ , ]
    • a
    • UKD
    • 796.01
700 -Hasło dodatkowe - nazwa osobowa [1, ]
    • a
    • Nazwa osobowa (NP)
    • Lachowicz, Lesław Find
    • d
    • Daty biograficzne (NP)
    • (1922-2021).
    • 9
    • KHW
    • 435030
710 -Hasło dodatkowe - nazwa ciała zbiorowego [2, ]
    • a
    • Nazwa ciała zbiorowego lub nazwa geograficzna jako pierwszy element (NP)
    • Wydawnictwo Sport i Turystyka.
    • 4
    • Kod relacji
    • pbl
    • 9
    • KHW
    • 60761
920 -ISBN [ , ]
    • a
    • ISBN
    • 83-217-2360-8 Find
Numer inwentarzowy Data inwentaryzacji Status udost. Sygnatura Lokalizacja
W.1017471993-12-292W.101738BG
W.1017521993-12-292W.101738BG
W.1017381993-12-29-5W.101738BG
W.1017391993-12-29-5W.101738BG
W.1017431993-12-292W.101738BG
W.1017451993-12-292W.101738BG
W.1017481993-12-292W.101738BG
W.1017411993-12-292W.101738BG
W.1017531993-12-292W.101738BG
W.1017401993-12-29-5W.101738BG
W.1017461993-12-292W.101738BG
W.1017421993-12-292W.101738BG
W.1017501993-12-292W.101738BG
W.1017441993-12-292W.101738BG
W.1017491993-12-29-3W.101738BG
W.1017511993-12-292W.101738BG
W.1017541993-12-29-6W.101738BG
W.1484111993-12-292W.101738BG
W.1023181993-12-292W.101738BG
W.1023191993-12-29-3W.101738BG
W.1023201993-12-292W.101738BG
W.1118201993-12-292W.101738BG
W.1019501993-12-292W.101738BG
WF.1135 1 BM
WF.1136 2 BM
WF.1137 1Teoria i metodyka sportu 03BM